000 00251nam a22001097a 4500
082 _a920/SIN
100 _aSinha,Shakti
_981426
245 _aPatel Political Ideas And Policies
260 _aDelhi
_bSage Pub.
_c2019
650 _aBiography
942 _cBK
999 _c65425
_d65425